00365nam a2200145Ia 4500008004100000082001300041100001500054245004500069250000800114260002500122300001400147500002400161650001500185700001900200230524s9999 xx 000 0 und d a420bSHA aR.C.Sharma 0aBusiness Correspondance & Report Writing a3RD aNEW DELHIbTMHc2004 aXVIII;421 aQuantity Number: 2 aManagement a Krishna Mohan